000 00492nam a2200181 i 4500
001 bg
100 1 _aGOŁĘBIOWSKI, Teofil
245 0 _aRośliny gór i pogórzy /
_cTeofil Gołębiowski.
260 _aWarszawa :
_bWydaw. "Sport i Turystyka",
_c1990.
300 _a333, [1] s. :
_bfot. barwn. ;
_c16x17 cm.
020 _a8321727107
040 _cBPK
041 _apol
080 _a581.9(438-23)
920 _a83-217-2710-7
942 _cKS
008 s pl f |000 0 pol
999 _c29288
_d29288
856 _uhttp://koha.tu.koszalin.pl/cgi-bin/koha/opac-detail.pl?biblionumber=29288
_yKatalog online BPK